000 00697nam a2200253 a 4500
008
049 _aMAIN
090 _aHX246
_bBUR
100 1 _aBurns, Emile.
245 1 3 _aAn introduction to Marxism /
_cby Emile Burns.
250 _aRev. ed.
260 _aLondon ;
_cLawrence & Wishart,
_cc1966.
300 _a75 p. ;
_c19 cm.
500 _aFirst ed. published in 1939 under title: What is Marxism?
650 0 _aSocialism.
650 0 _aCommunism.
700 1 _aMarx, Karl.
730 0 _aWhat is Marxism?
907 _a.b10160553
_b20-04-12
_c22-03-05
003
005 20230123133959.0
040 _cNUST
942 _cBOOKS
_kHX246
_mBUR
999 _c157935
_d157935